000
00336 a2200157 4500
001
154262
040
_c
Escola São Tomás de Aquino
100
_a
GARBUGLIO, José Carlos
240
1
0
_a
Gonçalves Dias
_l
por
245
1
0
_a
Gonçalves Dias
300
_a
154
362
0
_a
2001
440
1
_a
Global
697
_a
Poesia
942
_c
BK
999
_c
154262
_d
154262